01394nam a22003017a 4500003000900000005001700009007000300026008004100029040002500070082001400095110004900109245017000158260006800328300002700396590002700423700003100450700003400481700003400515700003900549700004100588700003400629910001400663942001400677952012400691952013000815952013000945999001701075DO-SdBNP20220607084416.0ta110301s2021 dr c 000 0 spa d aDO-SdBNPbspacBNPHU axxxxbxxx aFederación Dominicana de Municipios98179000aLogros de Fedomu 2021 /cpresidente Kelvin Cruz ; redacción Cintya Aquino, Félix Santos, Juan Luis Pimentel, Laura Indhira Reyes ; fotografías Jonathan Aquino  aSanto Domingo :bFederación Dominicana de Municipios. c2021. a68 p. :bretr.c23 cm. aInventariado, 2022/ YL12aCruz, Kelvinepres.98145012aAquino, Cintyaeredac.98145112aSantos, Félixeredac.9696212aPimentel, Juan Luiseredac.98145212aReyes, LLaura Indhiraeredac.98145312aAquino, Jonathanefot.981454 aYLockward 2ddccLBS1 00102ddc53708PDaBNPHUbBNPHUcCTd2022-02-01eEditora Búhol0oxxxx xxxp2022-1346r2022-04-12w2022-04-12yLBS1 00102ddc53708PDaBNPHUbBNPHUcCTd2022-02-01eEditora Búhol0oxxxx xxxp2022-1347r2022-04-12te. 2w2022-04-12yLBS1 00102ddc56708PDaBNPHUbBNPHUcCTd2022-02-01eEditora Búhol0oxxxx xxxp2022-1348r2022-04-12te. 3w2022-04-12yLBS1 c51523d51523